000 00540nam a22001937a 4500
005 20151221073959.0
008 080205s2009 maua b 001 0 eng
020 _a9780073133645
020 _a0073133647
041 0 _aeng
080 _a004
245 0 0 _aBioinformatics :
_cShuba Gopal ... [et al.].
260 _aBoston :
_bMcGraw-Hill Higher Education,
_c2009.
300 _a460 f. :
_bme il.;
_c24 cm.
505 0 0 _gIndex: f. 445 - 460
650 0 _aKompjuterat
700 1 _aGopal, Shuba.
942 _2udc
_cBK
999 _c754
_d754